[Event "DEM U10 2021"]
[Site "Willingen GER"]
[Date "2021.08.29"]
[Round "11"]
[White "Peglau, Paul David"]
[Black "Wartenberg, Alexander"]
[Result "0-1"]
[Termination "normal"]
[Board "10"]
[WhiteElo "1365"]
[BlackElo "1424"]
[WhiteClock "00:21:54"]
[BlackClock "00:49:19"]
[PlyCount "76"]
[WhiteFideId "16290550"]
[BlackFideId "16280768"]
[EventCountry "GER"]
[EventRounds "11"]
[EventType "swiss"]
[EventDate "2021.08.22"]

1. Nf3 {[%clk 01:15:56]} {[%emt 00:00:04]} Nf6 {[%clk 01:15:43]} {[%emt
00:00:17]} 2. g3 {[%clk 01:16:02]} {[%emt 00:00:24]} d5 {[%clk 01:15:42]}
{[%emt 00:00:31]} 3. Bg2 {[%clk 01:16:11]} {[%emt 00:00:22]} g6 {[%clk
01:15:08]} 4. O-O {[%clk 01:13:52]} {[%emt 00:03:50]} Bg7 {[%clk 01:15:30]} 5.
Re1 {[%clk 01:12:21]} {[%emt 00:02:11]} O-O {[%clk 01:15:45]} 6. c4 {[%clk
01:07:24]} {[%emt 00:05:42]} c6 {[%clk 01:15:07]} 7. cxd5 {[%clk 01:04:33]}
{[%emt 00:04:30]} cxd5 {[%clk 01:15:26]} 8. d3 {[%clk 01:04:05]} {[%emt
00:01:07]} Nc6 {[%clk 01:15:37]} 9. a3 {[%clk 01:02:08]} {[%emt 00:02:48]} Bf5
{[%clk 01:13:54]} 10. Bg5 {[%clk 00:57:14]} {[%emt 00:07:35]} Ng4 {[%clk
01:13:22]} 11. Qc1 {[%clk 00:54:33]} {[%emt 00:04:14]} Qb6 {[%clk 01:13:11]}
12. Be3 {[%clk 00:51:33]} {[%emt 00:04:10]} Nxe3 {[%clk 01:13:06]} 13. Qxe3
{[%clk 00:51:44]} {[%emt 00:00:55]} Qxb2 {[%clk 01:08:13]} 14. Nbd2 {[%clk
00:48:13]} {[%emt 00:09:24]} Qxa1 {[%clk 01:03:29]} 15. Rxa1 {[%clk 00:48:33]}
{[%emt 00:05:23]} Bxa1 {[%clk 01:03:55]} 16. d4 {[%clk 00:48:16]} {[%emt
00:00:52]} Bb2 {[%clk 00:58:46]} 17. Qb3 {[%clk 00:37:01]} {[%emt 00:17:24]}
Bc1 {[%clk 00:58:06]} 18. Qxb7 {[%clk 00:33:24]} {[%emt 00:05:17]} Rfc8 {[%clk
00:57:21]} 19. Qb3 {[%clk 00:32:13]} {[%emt 00:02:56]} Bxd2 {[%clk 00:56:48]}
20. Nxd2 {[%clk 00:32:25]} {[%emt 00:01:21]} e6 {[%emt 00:02:26]} 21. e3 {[%clk
00:31:01]} {[%emt 00:00:52]} Na5 {[%emt 00:01:33]} 22. Qb5 {[%clk 00:29:12]}
{[%emt 00:02:17]} Rc1+ {[%clk 00:54:23]} {[%emt 00:01:00]} 23. Bf1 {[%clk
00:28:44]} {[%emt 00:00:58]} Nc4 {[%clk 00:54:18]} {[%emt 00:00:35]} 24. Nxc4
{[%clk 00:28:03]} {[%emt 00:01:11]} dxc4 {[%clk 00:54:37]} {[%emt 00:00:11]}
25. Qb7 {[%clk 00:26:50]} {[%emt 00:01:43]} Rf8 {[%clk 00:54:45]} {[%emt
00:00:22]} 26. Kg2 {[%clk 00:25:27]} {[%emt 00:01:53]} Bd3 {[%clk 00:54:37]}
{[%emt 00:00:38]} 27. Bxd3 {[%clk 00:25:39]} {[%emt 00:00:17]} cxd3 {[%clk
00:55:03]} {[%emt 00:00:04]} 28. Qb2 {[%clk 00:25:49]} {[%emt 00:00:20]} Rfc8
{[%clk 00:53:58]} {[%emt 00:01:36]} 29. Qd2 {[%clk 00:26:00]} {[%emt 00:00:19]}
R1c3 {[%clk 00:53:59]} {[%emt 00:00:29]} 30. a4 {[%clk 00:26:06]} {[%emt
00:00:25]} Rb3 {[%clk 00:48:33]} {[%emt 00:05:55]} 31. Kf3 {[%clk 00:22:34]}
{[%emt 00:04:02]} Rc2 {[%clk 00:48:34]} {[%emt 00:00:29]} 32. Qa5 {[%clk
00:22:28]} {[%emt 00:00:36]} d2 {[%clk 00:47:56]} {[%emt 00:01:08]} 33. Ke2
{[%clk 00:22:10]} {[%emt 00:00:49]} Rb1 {[%clk 00:47:28]} {[%emt 00:00:57]} 34.
Qxd2 {[%clk 00:20:56]} {[%emt 00:01:43]} Rxd2+ {[%clk 00:47:47]} {[%emt
00:00:12]} 35. Kxd2 {[%clk 00:21:11]} {[%emt 00:00:15]} Ra1 {[%clk 00:48:14]}
{[%emt 00:00:04]} 36. Kc3 {[%clk 00:21:31]} {[%emt 00:00:09]} Rxa4 {[%clk
00:48:39]} {[%emt 00:00:04]} 37. Kb3 {[%clk 00:21:56]} {[%emt 00:00:06]} Ra6
{[%clk 00:49:04]} {[%emt 00:00:06]} 38. f4 {[%clk 00:21:54]} {[%emt 00:00:31]}
Rb6+ {[%clk 00:49:19]} {[%emt 00:00:14]} 0-1

[Event "DEM U10 2021"]
[Site "Willingen GER"]
[Date "2021.08.29"]
[Round "11"]
[White "Fadeev, Justin Michael"]
[Black "Rodriguez Klasen, Ennio"]
[Result "0-1"]
[Termination "normal"]
[Board "11"]
[WhiteElo "1323"]
[BlackElo "1341"]
[WhiteClock "01:05:32"]
[BlackClock "00:42:05"]
[PlyCount "40"]
[WhiteFideId "34602968"]
[BlackFideId "16277414"]
[EventCountry "GER"]
[EventRounds "11"]
[EventType "swiss"]
[EventDate "2021.08.22"]

1. e4 {[%clk 01:15:58]} {[%emt 00:00:02]} g6 {[%clk 01:15:54]} {[%emt
00:00:07]} 2. d4 {[%clk 01:15:57]} {[%emt 00:00:30]} Bg7 {[%clk 01:16:17]}
{[%emt 00:00:06]} 3. Nc3 {[%clk 01:16:00]} {[%emt 00:00:28]} c5 {[%clk
01:16:40]} {[%emt 00:00:07]} 4. Be3 {[%clk 01:16:13]} {[%emt 00:00:17]} Qa5
{[%clk 01:16:45]} {[%emt 00:00:26]} 5. Bc4 {[%clk 01:13:47]} {[%emt 00:02:55]}
Nc6 {[%clk 01:08:59]} {[%emt 00:08:16]} 6. Nf3 {[%clk 01:10:39]} {[%emt
00:03:38]} cxd4 {[%clk 01:07:22]} {[%emt 00:02:07]} 7. Nxd4 {[%clk 01:09:29]}
{[%emt 00:01:41]} Qb4 {[%clk 01:04:58]} {[%emt 00:02:53]} 8. Qd3 {[%clk
01:09:07]} {[%emt 00:00:58]} Ne5 {[%clk 01:04:56]} {[%emt 00:00:34]} 9. Bxf7+
{[%clk 01:09:08]} {[%emt 00:00:21]} Kxf7 {[%clk 01:04:26]} {[%emt 00:01:05]}
10. Qd2 {[%clk 01:08:00]} {[%emt 00:01:32]} Nf6 {[%clk 01:02:23]} {[%emt
00:02:33]} 11. O-O {[%clk 01:07:22]} {[%emt 00:01:08]} Rf8 {[%clk 01:00:59]}
{[%emt 00:01:54]} 12. f4 {[%clk 01:06:33]} {[%emt 00:01:18]} Nc4 {[%clk
00:59:41]} {[%emt 00:01:48]} 13. Qe2 {[%clk 01:06:23]} {[%emt 00:00:41]} Nxe3
{[%clk 00:58:57]} {[%emt 00:01:15]} 14. Qxe3 {[%clk 01:06:40]} {[%emt
00:00:12]} Ng4 {[%clk 00:59:11]} {[%emt 00:00:15]} 15. Qg3 {[%clk 01:06:30]}
{[%emt 00:00:40]} Bxd4+ {[%clk 00:59:02]} {[%emt 00:00:39]} 16. Kh1 {[%clk
01:06:49]} {[%emt 00:00:12]} Nf2+ {[%clk 00:52:51]} {[%emt 00:06:41]} 17. Rxf2
{[%clk 01:07:13]} {[%emt 00:00:06]} Bxf2 {[%clk 00:53:16]} {[%emt 00:00:05]}
18. Qxf2 {[%clk 01:07:35]} {[%emt 00:00:07]} Qxb2 {[%clk 00:44:32]} {[%emt
00:09:13]} 19. Rf1 {[%clk 01:05:09]} {[%emt 00:02:58]} Qxc3 {[%clk 00:42:25]}
{[%emt 00:02:37]} 20. f5 {[%clk 01:05:32]} {[%emt 00:00:07]} Kg8 {[%clk
00:42:05]} {[%emt 00:00:51]} 0-1

[Event "DEM U10 2021"]
[Site "Willingen GER"]
[Date "2021.08.29"]
[Round "11"]
[White "Bundan, Edward"]
[Black "Wang, Kaiwen"]
[Result "1/2-1/2"]
[Termination "normal"]
[Board "12"]
[WhiteElo "1236"]
[BlackElo "1068"]
[WhiteClock "00:44:51"]
[BlackClock "00:34:34"]
[PlyCount "95"]
[WhiteFideId "34603042"]
[BlackFideId "16279514"]
[EventCountry "GER"]
[EventRounds "11"]
[EventType "swiss"]
[EventDate "2021.08.22"]

1. e4 {[%clk 01:15:57]} {[%emt 00:00:02]} e5 {[%clk 01:15:55]} {[%emt
00:00:06]} 2. Nf3 {[%clk 01:16:14]} {[%emt 00:00:12]} Nc6 {[%clk 01:16:21]}
{[%emt 00:00:05]} 3. Bc4 {[%clk 01:16:32]} {[%emt 00:00:11]} Bc5 {[%clk
01:16:45]} {[%emt 00:00:06]} 4. d3 {[%clk 01:16:47]} {[%emt 00:00:15]} a6
{[%clk 01:16:57]} {[%emt 00:00:18]} 5. c3 {[%clk 01:17:02]} {[%emt 00:00:15]}
Nf6 {[%clk 01:17:19]} {[%emt 00:00:08]} 6. O-O {[%clk 01:17:08]} {[%emt
00:00:24]} d6 {[%clk 01:17:32]} {[%emt 00:00:17]} 7. a4 {[%clk 01:16:48]}
{[%emt 00:00:50]} O-O {[%clk 01:17:41]} {[%emt 00:00:20]} 8. b4 {[%clk
01:17:03]} {[%emt 00:00:15]} Ba7 {[%clk 01:17:43]} {[%emt 00:00:30]} 9. Be3
{[%clk 01:16:17]} {[%emt 00:01:14]} Bxe3 {[%clk 01:16:59]} {[%emt 00:01:15]}
10. fxe3 {[%clk 01:16:29]} {[%emt 00:00:17]} Be6 {[%clk 01:16:46]} {[%emt
00:00:43]} 11. Nbd2 {[%clk 01:16:12]} {[%emt 00:00:47]} Qd7 {[%clk 01:15:56]}
{[%emt 00:01:20]} 12. Bb3 {[%clk 01:15:23]} {[%emt 00:01:19]} Rad8 {[%clk
01:11:51]} {[%emt 00:04:35]} 13. d4 {[%clk 01:14:41]} {[%emt 00:01:12]} Bxb3
{[%clk 01:09:53]} {[%emt 00:02:28]} 14. Qxb3 {[%clk 01:14:52]} {[%emt
00:00:18]} exd4 {[%clk 01:09:06]} {[%emt 00:01:18]} 15. exd4 {[%clk 01:15:05]}
{[%emt 00:00:16]} Rfe8 {[%clk 01:07:54]} {[%emt 00:01:41]} 16. Rfe1 {[%clk
01:14:39]} {[%emt 00:00:56]} Qg4 {[%clk 01:06:31]} {[%emt 00:02:04]} 17. Qc2
{[%clk 01:12:01]} {[%emt 00:02:55]} Qg6 {[%clk 01:04:51]} {[%emt 00:02:14]} 18.
Rac1 {[%clk 01:09:53]} {[%emt 00:02:34]} Rd7 {[%clk 01:03:35]} {[%emt
00:01:50]} 19. d5 {[%clk 01:07:16]} {[%emt 00:03:06]} Ne5 {[%clk 01:03:04]}
{[%emt 00:01:02]} 20. Nxe5 {[%clk 01:06:24]} {[%emt 00:01:22]} Rxe5 {[%clk
01:03:18]} {[%emt 00:00:17]} 21. Re2 {[%clk 01:04:36]} {[%emt 00:02:13]} Rde7
{[%clk 01:02:16]} {[%emt 00:01:37]} 22. Rce1 {[%clk 00:58:32]} {[%emt
00:06:32]} Nxd5 {[%clk 00:56:16]} {[%emt 00:06:32]} 23. Nf3 {[%clk 00:57:11]}
{[%emt 00:01:48]} Nf4 {[%clk 00:56:27]} {[%emt 00:00:22]} 24. Nxe5 {[%clk
00:56:25]} {[%emt 00:01:14]} Nxe2+ {[%clk 00:55:56]} {[%emt 00:01:03]} 25. Qxe2
{[%clk 00:56:30]} {[%emt 00:00:25]} Rxe5 {[%clk 00:54:22]} {[%emt 00:02:05]}
26. Qc4 {[%clk 00:55:52]} {[%emt 00:01:05]} c6 {[%clk 00:54:11]} {[%emt
00:00:43]} 27. Qd4 {[%clk 00:55:04]} {[%emt 00:01:15]} h6 {[%clk 00:51:57]}
{[%emt 00:02:45]} 28. h3 {[%clk 00:53:07]} {[%emt 00:02:26]} Qe6 {[%clk
00:51:16]} {[%emt 00:01:14]} 29. Kf2 {[%clk 00:51:42]} {[%emt 00:01:54]} d5
{[%clk 00:50:40]} {[%emt 00:01:08]} 30. Kf3 {[%clk 00:49:08]} {[%emt 00:03:03]}
Qf6+ {[%clk 00:50:08]} {[%emt 00:01:02]} 31. Kg3 {[%clk 00:48:56]} {[%emt
00:00:33]} dxe4 {[%clk 00:48:25]} {[%emt 00:02:22]} 32. Rxe4 {[%clk 00:48:28]}
{[%emt 00:00:56]} Rxe4 {[%clk 00:48:34]} {[%emt 00:00:21]} 33. Qxe4 {[%clk
00:48:25]} {[%emt 00:00:35]} Qxc3+ {[%clk 00:48:59]} {[%emt 00:00:04]} 34. Kh2
{[%clk 00:48:33]} {[%emt 00:00:21]} Qb3 {[%clk 00:48:03]} {[%emt 00:01:28]} 35.
Qe8+ {[%clk 00:48:43]} {[%emt 00:00:20]} Kh7 {[%clk 00:48:25]} {[%emt
00:00:08]} 36. Qe4+ {[%clk 00:49:00]} {[%emt 00:00:14]} g6 {[%clk 00:48:43]}
{[%emt 00:00:11]} 37. Qe7 {[%clk 00:48:35]} {[%emt 00:00:54]} b5 {[%clk
00:48:09]} {[%emt 00:01:05]} 38. a5 {[%clk 00:47:46]} {[%emt 00:01:18]} Qe6
{[%clk 00:48:12]} {[%emt 00:00:27]} 39. Qb7 {[%clk 00:47:19]} {[%emt 00:00:57]}
Kg7 {[%clk 00:37:49]} {[%emt 00:10:54]} 40. Qxa6 {[%clk 00:46:28]} {[%emt
00:01:21]} Qd6+ {[%clk 00:37:49]} {[%emt 00:00:30]} 41. Kh1 {[%clk 00:46:33]}
{[%emt 00:00:24]} Qxb4 {[%clk 00:37:33]} {[%emt 00:00:47]} 42. Qa7 {[%clk
00:46:26]} {[%emt 00:00:36]} Qa4 {[%clk 00:35:35]} {[%emt 00:02:29]} 43. Qb6
{[%clk 00:44:58]} {[%emt 00:01:57]} b4 {[%clk 00:34:25]} {[%emt 00:01:42]} 44.
Qd4+ {[%clk 00:44:23]} {[%emt 00:01:00]} Kf8 {[%clk 00:33:40]} {[%emt
00:01:18]} 45. Qd8+ {[%clk 00:44:12]} {[%emt 00:00:41]} Kg7 {[%clk 00:34:05]}
{[%emt 00:00:06]} 46. Qd4+ {[%clk 00:44:29]} {[%emt 00:00:13]} Kf8 {[%clk
00:34:12]} {[%emt 00:00:23]} 47. Qd8+ {[%clk 00:44:51]} {[%emt 00:00:07]} Kg7
{[%clk 00:34:34]} {[%emt 00:00:09]} 48. Qd4+ {[%emt 00:00:06]} 1/2-1/2

[Event "DEM U10 2021"]
[Site "Willingen GER"]
[Date "2021.08.29"]
[Round "11"]
[White "Vranckx, Oscar"]
[Black "Nonnenmacher, Philipp"]
[Result "1-0"]
[Termination "normal"]
[Board "13"]
[WhiteElo "1300"]
[BlackElo "1314"]
[WhiteClock "00:59:57"]
[BlackClock "00:28:18"]
[PlyCount "125"]
[WhiteFideId "34608788"]
[BlackFideId "34608869"]
[EventCountry "GER"]
[EventRounds "11"]
[EventType "swiss"]
[EventDate "2021.08.22"]

1. e4 {[%clk 01:15:59]} e5 {[%clk 01:15:51]} {[%emt 00:00:09]} 2. Nf3 {[%clk
01:16:08]} {[%emt 00:00:20]} Nc6 {[%clk 01:16:13]} {[%emt 00:00:09]} 3. d4
{[%clk 01:15:55]} {[%emt 00:00:44]} exd4 {[%clk 01:16:27]} {[%emt 00:00:15]} 4.
Nxd4 {[%clk 01:16:11]} {[%emt 00:00:14]} Bc5 {[%clk 01:16:43]} {[%emt
00:00:14]} 5. Be3 {[%clk 01:16:34]} {[%emt 00:00:07]} Qf6 {[%clk 01:17:05]}
{[%emt 00:00:08]} 6. c3 {[%clk 01:16:57]} {[%emt 00:00:07]} Nge7 {[%clk
01:17:10]} {[%emt 00:00:25]} 7. g3 {[%clk 01:17:21]} {[%emt 00:00:07]} O-O
{[%clk 01:17:10]} {[%emt 00:00:29]} 8. Bg2 {[%clk 01:17:38]} {[%emt 00:00:13]}
d6 {[%clk 01:17:25]} {[%emt 00:00:15]} 9. O-O {[%clk 01:17:44]} {[%emt
00:00:25]} Ne5 {[%clk 01:17:37]} {[%emt 00:00:17]} 10. h3 {[%clk 01:18:01]}
{[%emt 00:00:14]} Nc4 {[%clk 01:17:52]} {[%emt 00:00:15]} 11. Bc1 {[%clk
01:18:17]} {[%emt 00:00:12]} Bd7 {[%clk 01:16:13]} {[%emt 00:02:09]} 12. Kh2
{[%clk 01:17:03]} {[%emt 00:01:44]} Nc6 {[%clk 01:15:01]} {[%emt 00:01:42]} 13.
Nb3 {[%clk 01:14:55]} {[%emt 00:02:39]} Bb6 {[%clk 01:14:09]} {[%emt 00:01:21]}
14. N1d2 {[%clk 01:13:53]} {[%emt 00:01:33]} Nxd2 {[%clk 01:13:24]} {[%emt
00:01:14]} 15. Nxd2 {[%clk 01:14:01]} {[%emt 00:00:23]} Ne5 {[%clk 01:09:24]}
{[%emt 00:04:30]} 16. Qe2 {[%clk 01:12:42]} {[%emt 00:01:58]} a6 {[%clk
01:08:19]} {[%emt 00:01:27]} 17. f4 {[%clk 01:13:01]} {[%emt 00:00:11]} Ng6
{[%clk 01:07:43]} {[%emt 00:01:06]} 18. a4 {[%clk 01:12:23]} {[%emt 00:01:09]}
Rfe8 {[%clk 01:07:01]} {[%emt 00:01:10]} 19. Qd1 {[%clk 01:11:10]} {[%emt
00:01:44]} Bc6 {[%clk 01:06:56]} {[%emt 00:00:35]} 20. Re1 {[%clk 01:07:43]}
{[%emt 00:03:57]} h6 {[%clk 01:04:27]} {[%emt 00:02:59]} 21. Qc2 {[%clk
01:07:13]} {[%emt 00:01:00]} a5 {[%clk 01:03:13]} {[%emt 00:01:45]} 22. Nc4
{[%clk 01:06:46]} {[%emt 00:00:56]} Rad8 {[%clk 00:57:46]} {[%emt 00:05:56]}
23. Nxb6 {[%clk 01:06:50]} {[%emt 00:00:26]} cxb6 {[%clk 00:58:05]} {[%emt
00:00:11]} 24. Be3 {[%clk 01:07:11]} {[%emt 00:00:10]} b5 {[%clk 00:49:08]}
{[%emt 00:09:26]} 25. axb5 {[%clk 01:06:58]} {[%emt 00:00:44]} Bxb5 {[%clk
00:48:37]} {[%emt 00:01:01]} 26. Rxa5 {[%clk 01:06:44]} {[%emt 00:00:44]} Bc6
{[%clk 00:48:16]} {[%emt 00:00:51]} 27. Bd4 {[%clk 01:03:35]} {[%emt 00:03:40]}
Qe7 {[%clk 00:48:02]} {[%emt 00:00:42]} 28. Re3 {[%clk 01:00:31]} {[%emt
00:03:34]} Ra8 {[%clk 00:45:13]} {[%emt 00:03:19]} 29. Rxa8 {[%clk 00:56:32]}
{[%emt 00:04:30]} Rxa8 {[%clk 00:44:56]} {[%emt 00:00:46]} 30. Bf1 {[%clk
00:55:31]} {[%emt 00:01:31]} Re8 {[%clk 00:36:31]} {[%emt 00:08:55]} 31. Bd3
{[%clk 00:55:11]} {[%emt 00:00:51]} Ra8 {[%clk 00:35:16]} {[%emt 00:01:45]} 32.
Bc4 {[%clk 00:54:58]} {[%emt 00:00:43]} Ra1 {[%clk 00:32:14]} {[%emt 00:03:32]}
33. Bd5 {[%clk 00:52:50]} {[%emt 00:02:38]} Bxd5 {[%clk 00:32:18]} {[%emt
00:00:26]} 34. exd5 {[%clk 00:53:13]} {[%emt 00:00:07]} Qd7 {[%clk 00:29:02]}
{[%emt 00:03:45]} 35. f5 {[%clk 00:52:44]} {[%emt 00:01:01]} Ne7 {[%clk
00:27:38]} {[%emt 00:01:53]} 36. Qe2 {[%clk 00:51:17]} {[%emt 00:01:58]} Nxd5
{[%clk 00:26:05]} {[%emt 00:02:03]} 37. Re8+ {[%clk 00:51:20]} {[%emt
00:00:26]} Kh7 {[%clk 00:26:15]} {[%emt 00:00:19]} 38. Qe4 {[%clk 00:51:21]}
{[%emt 00:00:31]} Nf6 {[%clk 00:25:05]} {[%emt 00:01:38]} 39. Bxf6 {[%clk
00:51:44]} {[%emt 00:00:08]} gxf6 {[%clk 00:25:28]} {[%emt 00:00:06]} 40. Re7
{[%clk 00:52:09]} {[%emt 00:00:05]} Qc6 {[%clk 00:23:54]} {[%emt 00:02:04]} 41.
Rxf7+ {[%clk 00:51:50]} {[%emt 00:00:49]} Kg8 {[%clk 00:24:03]} {[%emt
00:00:20]} 42. Qxc6 {[%clk 00:52:12]} {[%emt 00:00:09]} bxc6 {[%clk 00:24:17]}
{[%emt 00:00:16]} 43. Rxf6 {[%clk 00:52:36]} {[%emt 00:00:06]} Ra2 {[%clk
00:24:13]} {[%emt 00:00:34]} 44. Rxd6 {[%clk 00:52:59]} {[%emt 00:00:07]} Rxb2+
{[%clk 00:24:30]} {[%emt 00:00:12]} 45. Kg1 {[%clk 00:53:22]} {[%emt 00:00:06]}
Rb6 {[%clk 00:24:20]} {[%emt 00:00:43]} 46. Rxh6 {[%clk 00:53:24]} {[%emt
00:00:27]} Kg7 {[%clk 00:24:33]} {[%emt 00:00:17]} 47. Rg6+ {[%clk 00:53:45]}
{[%emt 00:00:09]} Kf7 {[%clk 00:24:49]} {[%emt 00:00:14]} 48. g4 {[%clk
00:54:08]} {[%emt 00:00:08]} Rb8 {[%clk 00:24:57]} {[%emt 00:00:21]} 49. Rxc6
{[%clk 00:54:29]} {[%emt 00:00:09]} Kg7 {[%clk 00:25:47]} {[%emt 00:01:34]} 50.
Kf2 {[%clk 00:56:16]} {[%emt 00:00:09]} Re8 {[%clk 00:26:07]} {[%emt 00:00:10]}
51. Kf3 {[%clk 00:56:36]} {[%emt 00:00:09]} Re1 {[%clk 00:26:27]} {[%emt
00:00:10]} 52. g5 {[%clk 00:56:51]} {[%emt 00:00:16]} Rh1 {[%clk 00:26:38]}
{[%emt 00:00:19]} 53. Rc7+ {[%clk 00:57:15]} {[%emt 00:00:07]} Kf8 {[%clk
00:26:52]} {[%emt 00:00:13]} 54. Kg4 {[%clk 00:57:40]} {[%emt 00:00:07]} Rg1+
{[%clk 00:26:57]} {[%emt 00:00:24]} 55. Kh5 {[%clk 00:58:04]} {[%emt 00:00:06]}
Rxg5+ {[%clk 00:27:18]} {[%emt 00:00:10]} 56. Kxg5 {[%clk 00:58:25]} {[%emt
00:00:08]} Ke8 {[%clk 00:27:19]} {[%emt 00:00:27]} 57. Rh7 {[%clk 00:58:48]}
{[%emt 00:00:08]} Kd8 {[%clk 00:27:36]} {[%emt 00:00:14]} 58. Kf6 {[%clk
00:59:06]} {[%emt 00:00:13]} Kc8 {[%clk 00:27:55]} {[%emt 00:00:10]} 59. Ke6
{[%clk 00:59:21]} {[%emt 00:00:15]} Kb8 {[%clk 00:28:08]} {[%emt 00:00:16]} 60.
Rd7 {[%clk 00:59:46]} {[%emt 00:00:05]} Kc8 {[%clk 00:28:27]} {[%emt 00:00:11]}
61. f6 {[%clk 00:59:46]} {[%emt 00:00:30]} Kb8 {[%clk 00:27:54]} {[%emt
00:01:04]} 62. f7 {[%clk 00:59:57]} {[%emt 00:00:19]} Kc8 {[%clk 00:28:18]}
{[%emt 00:00:06]} 63. f8=Q# {[%emt 00:00:08]} 1-0